Treasurers of Australia - Statistics

General Stats
  • This quiz has been taken 55 times
    49 since last reset
  • The average score is 36 of 50
Answer Stats
Tenure Party Answer % Correct
2022-Incumbent Labor Jim Chalmers
100%
1983-1991 Labor Paul Keating
100%
2015-2018 Liberal Scott Morrison
100%
2007-2013 Labor Wayne Swan
100%
1941-1949 Labor Ben Chifley
92%
2013-2015 Liberal Joe Hockey
92%
1977-1983 Liberal John Howard
92%
1996-2007 Liberal Peter Costello
92%
1991 Labor Bob Hawke
85%
1904 Labour Chris Watson
85%
1972 Labor Gough Whitlam
85%
1958-1966 Liberal Harold Holt
85%
1932-1939 United Australia Joseph Lyons
85%
2018-2022 Liberal Josh Frydenberg
85%
1940-1941 Country Sir Arthur Fadden
85%
1949-1958 Country Sir Arthur Fadden
85%
1971-1972 Liberal Sir Billy Snedden
85%
1920-1921 Nationalist Sir Joseph Cook
85%
1939-1940 United Australia Sir Robert Menzies
85%
1966-1969 Liberal Sir William McMahon
85%
1908-1909 Labour Andrew Fisher
77%
1910-1913 Labour Andrew Fisher
77%
1914-1915 Labor Andrew Fisher
77%
2013 Labor Chris Bowen
77%
1972-1974 Labor Frank Crean
77%
1930-1931 Labor James Scullin
77%
1974-1975 Labor Jim Cairns
77%
1923-1929 Country Sir Earle Page
77%
1921-1923 Nationalist Stanley Bruce
77%
1991-1993 Labor John Dawkins
69%
1929-1930 Labor Ted Theodore
69%
1931-1932 Labor Ted Theodore
69%
1975 Labor Bill Hayden
62%
1991 Labor John Kerin
62%
1991 Labor Ralph Willis
62%
1993-1996 Labor Ralph Willis
62%
1939 United Australia Richard Casey
62%
1905-1907 Protectionist Sir John Forrest
54%
1909-1910 Commonwealth Liberal Sir John Forrest
54%
1913-1914 Commonwealth Liberal Sir John Forrest
54%
1917-1918 Nationalist Sir John Forrest
54%
1975-1977 Liberal Sir Phillip Lynch
54%
1916-1917 National Labor Alexander Poynton
46%
1969-1971 Liberal Les Bury
46%
1901-1904 Protectionist Sir George Turner
46%
1904-1905 Protectionist Sir George Turner
46%
1940 United Australia Sir Percy Spender
46%
1907-1908 Protectionist Sir William Lyne
46%
1915-1916 Labor William Higgs
46%
1918-1920 Nationalist William Watt
46%
No matching quizzes found
Score Distribution
Percent of People with Each Score
Percentile by Number Answered
Your Score History
You have not taken this quiz since the last reset